000 00568nam a2200205Ii 4500
003 JO-AjNU
008 230606s9999||||xx |||||||||||||| ||und||
020 _a978-81-317-1173-6
040 _aJO-AjNU
_beng
_erda
_cJO-AjNU
041 _aeng
050 1 4 _aHF5386.2009
100 3 _aFernando,A.C,
_eauthor
_9270
245 0 0 _aBusiness Ethics: An Indian perspective
264 3 1 _aChennai:PEARSON,2009
300 _a513p
336 _atext
_btxt
_2rdacontent
337 _aunmediated
_bn
_2rdamedia
338 _avolume
_bnc
_2rdacarrier
650 4 _aBusiness -Ethics
_9271
999 _aE141
_c141
_d141